| 000 | 00902nam a22002777a 4500 | ||
|---|---|---|---|
| 003 | CHAP | ||
| 005 | 20220329135234.0 | ||
| 008 | 971013s r 00010 d | ||
| 010 | _a33120 | ||
| 011 | _a34092 | ||
| 035 | _a38208 | ||
| 040 | _cCHAP | ||
| 090 | _aR-2307 | ||
| 100 | 0 | 0 |
_aElías Calles, Enrique. _936412 |
| 245 | _aEvaluación de cultivares de mandarina, Citrus reticulata blanco, e hibridos en Nuevo León | ||
| 500 | _aSobretiro de : Agricultura Técnica en México 3(6):211-215, 1973 | ||
| 590 |
_aBATCH-UPD _b10 _c20130110 _lUCH01 _h2221 |
||
| 590 |
_aBATCH-UPD _b10 _c20130410 _lUCH01 _h1519 |
||
| 590 |
_aBATCH-UPD _b10 _c20130914 _lUCH01 _h1726 |
||
| 590 |
_aCONVERSION _b10 _c20130109 _lUCH01 _h1319 |
||
| 650 | 1 | 4 |
_aMandarina _xHíbridos. _970333 |
| 650 | 1 | 4 |
_aMandarina _xVariedades. _970340 |
| 901 | _aBK | ||
| 942 | _cREIMP | ||
| 949 |
_aR-2307 _bBC _cR _d-87334 _eTS1 _i38208 _mD _si |
||
| 999 |
_c33120 _d33120 |
||